Logos des clubs de football par lettre - B - Statistiques

Statistiques générales
  • Ce quiz a été pris 180 fois
  • Le résultat moyen est 13 sur 16
Statistiques - réponses
Par images Réponse % Correct
FC Barcelone
100%
Bayern Munich
98%
Benfica
96%
SC Bastia
93%
Borussia Dortmund
92%
Bayer Leverkusen
90%
Bologne
90%
FC Bâle
85%
Brighton & Hove Albion
83%
Brentford
81%
Boca Juniors
80%
Sporting Braga
79%
Beşiktaş
78%
Bodø/Glimt
73%
Botafogo
68%
Brøndby
36%
Aucun quiz correspondant
Distribution des résultats
% des personnes avec chaque résultat
Percentile par nombre de réponses
Votre historique - résultats
Vous n’avez pas pris ce quiz